LEADER 06676oam 2200625 c 450 001 996582044303316 005 20220221094418.0 010 $a3-8394-5248-1 024 3 $a9783839452486 035 $a(CKB)4100000011249127 035 $a(transcript Verlag)9783839452486 035 $a(MiAaPQ)EBC7153659 035 $a(Au-PeEL)EBL7153659 035 $a(DE-B1597)546279 035 $a(DE-B1597)9783839452486 035 $a(OCoLC)1355220793 035 $a(EXLCZ)994100000011249127 100 $a20220221d2022 uy 0 101 0 $ager 135 $aurnnunnnannuu 181 $ctxt$2rdacontent 182 $cc$2rdamedia 183 $acr$2rdacarrier 200 04$aDie Berliner Schule im globalen Kontext$eEin transnationales Arthouse-Kino$fMarco Abel, Jaimey Fisher 205 $a1st ed. 210 $aBielefeld$ctranscript Verlag$d2022 215 $a1 online resource (450 p.) 225 0 $aFilm 311 $a3-8376-5248-3 327 $aCover -- Inhalt -- Danksagungen -- Danksagung für die englische Edition -- Danksagung für die deutsche Edition -- Einleitung: Die Berliner Schule und darüber hinaus -- »Die Berliner Schule«: Gemeinsamkeiten und Unterschiede -- Die Gefahren des »guten Objekts« -- Die seltsamen Reisen des Kunstkinos: Institutionelle Eigenschaften und ästhetische Herangehensweisen -- Die anhaltende, nagende dynamische Kraft des Begriffs der Nation und des »nationalen« Kinos: Angela Schanelecs Film Der traumhafte Weg (2016) -- Ein reiches Mosaik des zeitgenössischen globalen Kunstkinos -- Literaturverzeichnis -- 1 Die Berliner Schule und Filme von Frauen -- Die Entstehung von Medienkonglomeraten und die zeitgenössische Film? und Fernsehkultur von Frauen -- Die Berliner Schule, der Neoliberalismus und das Frauenkino -- Zeitgenössische Filmproduktionen von Frauen: Materielle Interventionen und Affinitäten -- Die Situationstragödie: Formale und thematische Verwandtschaften in zeitgenössischen Filmen von Frauen -- englishLiteraturverzeichnis -- 2 Gender, Genre und die (Un?)Möglichkeit der romantischen Liebe -- Eine unmögliche Liebe: Blue Valentine -- Neue Liebesversuche: Alle anderen -- Schlussfolgerung: Hin zu einem postromantischen Affekt -- englishLiteraturverzeichnis -- 3 Reflexionen über das Gegenkino und (nicht?)nationale Strategien -- I. -- II. -- III. -- englishLiteraturverzeichnis -- 4 »Das Leben ist voller schwieriger Entscheidungen« -- Zwei Kinos -- Lucy -- Wendy and Lucy -- Schlussfolgerung -- englishLiteraturverzeichnis -- 5 Kino als Digest, Kino als Verdauung -- englishLiteraturverzeichnis -- 6 Daheim gibt es nicht -- englishLiteraturverzeichnis -- 7 Die Kräfte des Milieus -- Milieu als Medium -- Die Pathologien professioneller Beobachter -- Strategien der Inszenierung -- Die Politik des Milieus -- Literaturverzeichnis -- 8 Neue Globale Wellen. 327 $aLiteraturverzeichnis -- 9 Gegabelte Zeit -- Köhler und Apichatpong über »politischen Film« -- Apichatpongs geteilte/gefaltete Zeit -- Zeitliche Brüche: Blissfully Yours und Tropical Malady -- Der Raum bei Köhler und Apichatpong: »Primitive« und Montag kommen die Fenster -- Doppelte Zeit: Syndromes, Uncle Boonmee und Schlafkrankheit -- Geschichte ist eine Schlafkrankheit -- englishLiteraturverzeichnis -- 10 Jenseits von Berlin -- I. -- II. -- III. -- IV. -- englishLiteraturverzeichnis -- 11 Die Politik der Berliner Schule und darüber hinaus -- Hunger: Die trägen Grenzen des gewalttätigen Widerstandes -- Innere Sicherheit: Neoliberale Trägheit von Terroristenkindern und jugendlichen McJobbern -- Falscher Bekenner (2005): Verlangsamung und prekäre Anerkennung -- Epilog -- Literaturverzeichnis -- 12 Bilder des Laufens in den Filmen von Benjamin Heisenberg -- Der ursprüngliche Läufer: Antoine Doinel -- Heisenberg'sche Relationen -- Räuber oder Läufer? -- englishLiteraturverzeichnis -- 13 Von früh an Gespenster -- Das geteilte Nachleben der Industriewirtschaft und ihrer prekären Solidaritäten -- Die einsame Ästhetik des Niedergangs: Ziellose Körper -- Ambivalente Anfänge: Annäherung an jugendliche Ausreißerinnen -- Die Undurchsichtigkeit der Nahaufnahme und die offenen Enden der Jugend -- englishLiteraturverzeichnis -- 14 Die Entstehung des Jetzt -- englishLiteraturverzeichnis -- 15 Auf dem Weg zu einer Ästhetik der Weltlosigkeit -- Das Ende der Welt -- Sophies Welt(losigkeit) -- Alles was glänzt -- Schlussbemerkung -- englishLiteraturverzeichnis -- Mitwirkende -- Personen- und Filmindex. 330 $aDie Berliner Schule gilt als die wichtigste Stro?mung im deutschen Kino seit den 1970er Jahren. Gleichzeitig kann sie als wesentlicher Teil der globalen New-Wave-Filme verstanden werden, die an den traditionellen Ra?ndern des Weltkinos angesiedelt sind. In 15 Essays setzen die Beitra?ger*innen des Bandes die Berliner Schule mit Beispielen des globalen Kinos in Verbindung - vom Nahen Osten u?ber Su?dostasien bis Nordamerika - und laden dazu ein, sie als zentralen Aspekt des Nachwende-Kinos in einem transnationalen Licht zu betrachten. Damit liefern sie zum ersten Mal eine systematische Untersuchung dieser Gattung und stellen sie als eine der wichtigsten Entwicklungen des gegenwa?rtigen Arthouse-Kinos heraus. 410 0$aFilm 606 $aFilm; Berliner Schule; Deutsches Kino; Arthouse-Kino; Nachwende-Kino; New Wave; Globales Kino; Gegenwartskino; Filmemacher; Filmtheorie; Filmkritik; Globalisierung; Medienwissenschaft; Berlin School; German Cinema; Post-reunification Cinema; Global Cinema; Contemporary Cinema; Movie Makers; Film Theory; Movie Critics; Globalization; Media Studies; 610 $aBerlin School. 610 $aContemporary Cinema. 610 $aFilm Theory. 610 $aGerman Cinema. 610 $aGlobal Cinema. 610 $aGlobalization. 610 $aMedia Studies. 610 $aMovie Critics. 610 $aMovie Makers. 610 $aNew Wave. 610 $aPost-reunification Cinema. 615 4$aFilm; Berliner Schule; Deutsches Kino; Arthouse-Kino; Nachwende-Kino; New Wave; Globales Kino; Gegenwartskino; Filmemacher; Filmtheorie; Filmkritik; Globalisierung; Medienwissenschaft; Berlin School; German Cinema; Post-reunification Cinema; Global Cinema; Contemporary Cinema; Movie Makers; Film Theory; Movie Critics; Globalization; Media Studies; 676 $a791.430943 702 $aAbel$b Marco$4edt 702 $aFisher$b Jaimey$pUniversity of California Davis, USA$4edt 801 0$btranscript Verlag 801 1$btranscript Verlag 906 $aBOOK 912 $a996582044303316 996 $aDie Berliner Schule im globalen Kontext$94128371 997 $aUNISA LEADER 03846nam 2200997z- 450 001 9910639994003321 005 20250616113612.0 010 $a3-0365-6145-5 035 $a(CKB)5470000001633413 035 $a(oapen)https://directory.doabooks.org/handle/20.500.12854/95815 035 $a(EXLCZ)995470000001633413 100 $a20202301d2022 |y 0 101 0 $aeng 135 $aurmn|---annan 181 $ctxt$2rdacontent 182 $cc$2rdamedia 183 $acr$2rdacarrier 200 00$aWater Resource Management through the Lens of Planetary Health Approach 210 $aBasel$cMDPI - Multidisciplinary Digital Publishing Institute$d2022 215 $a1 electronic resource (208 p.) 311 08$a3-0365-6146-3 330 $aDespite recent progress in developing new strategies, practices and technologies for water resource management, their dissemination and implementation have been limited. The nexus approach encompasses these interdependencies, and to promote this idea, different global frameworks are there to address global health in a holistic and comprehensive ways, such one earth, one health, eco-health, planetary health, etc. Planetary health is the most recent one advocated by the scientific communities as well as policy makers, however, very little has been done to present empirical scientific evidence from the ground. Considering the above-mentioned information gap, this special issue aimed to capture the persistently changing dimensions and new paradigms of water security, providing a holistic view including a wide range of sustainable solutions to address water security at different landscapes. 606 $aResearch & information: general$2bicssc 610 $asocio-hydrology 610 $aCon Dao Island 610 $awater resilience 610 $aWEAP 610 $aeutrophication 610 $avariable interactions 610 $amultiple linear regression 610 $areservoir 610 $awater quality 610 $abuffer zone 610 $aland use/land cover 610 $aBangladesh 610 $aheavy metals 610 $aecological risk 610 $aSurma River 610 $aMonte Carlo simulation 610 $amultivariate analysis 610 $aHakanson risk index 610 $agroundwater 610 $afractured rock 610 $ahydrogeochemistry 610 $ageochemical evolution 610 $aenvironmental isotopes (?18O 610 $a?2H 610 $aand 3H) 610 $aAmbaji Basin 610 $aNW India 610 $asocio-economic development 610 $awater resource management 610 $aEcoLab module 610 $ahydrodynamics modeling 610 $asurface water quality 610 $aone dimension 610 $acage culture 610 $apond/lagoon culture 610 $aMODFLOW 610 $agroundwater modeling 610 $ahydraulic conductivity 610 $acoastal aquifer 610 $aMahanadi delta 610 $agroundwater hydrology 610 $agroundwater resource evaluation 610 $agroundwater management 610 $agroundwater reserves 610 $asustainable water resource management 610 $arisk 610 $avulnerability 610 $aclimate change 610 $aprincipal component analysis 610 $alow-lying delta 610 $aIPCC AR 4 and AR 5 610 $amicroplastics 610 $afreshwater 610 $ahuman health 610 $aAsia 610 $asystematic review 615 7$aResearch & information: general 702 $aKumar$b Pankaj$c(Research manager)$4edt 702 $aRam Avtar$4edt 906 $aBOOK 912 $a9910639994003321 996 $aWater Resource Management through the Lens of Planetary Health Approach$94395397 997 $aUNINA